22 N.American bands by songs - Statistics

General Stats
  • This quiz has been taken 28 times
  • The average score is 12 of 22
Answer Stats
Songs (by...) Band % Correct
Hotel California + Tequila sunrise + The long run Eagles
100%
Everybody hurts + Losing my religion + Driver 8 R.E.M.
100%
Welcome to the jungle + November rain + Knockin' on heaven's door Guns N' Roses
96%
Light my fire + People are strange + Touch me the Doors
96%
Spanish castle magic + Purple haze + Voodoo child (slight return) the Jimi Hendrix Experience
92%
Carry on wayward son + Dust in the wind + People of the south wind Kansas
88%
Born to be wild + Magic carpet ride + Monster Steppenwolf
88%
Heart-shaped box + Lithium + About a girl Nirvana
83%
Give it away + My friends + Catholic school girls rule Red Hot Chili Peppers
67%
How you remind me + Something in your mouth + Feed the machine Nickelback
63%
American woman + Share the land + Of a dropping pin the Guess Who
63%
Somebody to love + Blues from an airplane + Lather Jefferson Airplane
58%
Bulls on parade + Guerrilla radio + Killing in the name Rage Against the Machine
58%
Down in a hole + Man in the box + Heaven beside you Alice in Chains
42%
A.D.I.D.A.S. + Freak on a leash + Falling away from me Korn
38%
Forty Six & 2 + Schism + Prison sex Tool
33%
Walk + Cowboys from Hell + Right on the edge Pantera
25%
Operation: Mindcrime + Anybody listening? + I'm American Queensrÿche
17%
Got the time + Antisocial + Soldiers of metal Anthrax
8%
Wish you were here + Drive + A certain shade of green Incubus
8%
Starseed + Superman's dead + All for you Our Lady Peace
8%
Not unlike the waves + Black Lake Niðstång + I am the wooden doors Agalloch
4%
No matching quizzes found
Score Distribution
Percent of People with Each Score
Percentile by Number Answered
Your Score History
You have not taken this quiz